Statistics for Random inverted Flags of the World

Click here to take the quiz!

General Stats

  • This quiz has been taken 37 times
  • The average score is 21 of 25

Answer Stats

Answer% Correct
Afghanistan
100%
Algeria
100%
Andorra
100%
Antigua and Barbuda
100%
Australia
100%
Azerbaijan
100%
Bahrain
100%
Bangladesh
100%
Belarus
100%
Belize
100%
Bhutan
100%
Bosnia & Herzegovina
100%
Botswana
100%
Brazil
100%
Burundi
100%
Cambodia
100%
Cameroon
100%
Canada
100%
Central African Republic
100%
Colombia
100%
Comoros
100%
Croatia
100%
Cuba
100%
Czech Republic
100%
Denmark
100%
Djibouti
100%
Dominica
100%
D.R. Congo
100%
Ecuador
100%
Equatorial Guinea
100%
Estonia
100%
Eswatini
100%
Fiji
100%
Finland
100%
France
100%
Georgia
100%
Germany
100%
Greece
100%
Grenada
100%
Guatemala
100%
Guinea-Bissau
100%
Guyana
100%
Haiti
100%
Honduras
100%
Iceland
100%
India
100%
Indonesia
100%
Iran
100%
Iraq
100%
Israel
100%
Jamaica
100%
Japan
100%
Kazakhstan
100%
Kenya
100%
Kiribati
100%
Kosovo
100%
Lebanon
100%
Lesotho
100%
Liberia
100%
Liechtenstein
100%
Luxembourg
100%
Maldives
100%
Mauritania
100%
Moldova
100%
Monaco
100%
Mongolia
100%
Morocco
100%
Mozambique
100%
Myanmar
100%
Namibia
100%
Nepal
100%
Niger
100%
Nigeria
100%
North Korea
100%
North Macedonia
100%
Norway
100%
Oman
100%
Papua New Guinea
100%
Paraguay
100%
Qatar
100%
Romania
100%
Rwanda
100%
Samoa
100%
San Marino
100%
Saudi Arabia
100%
Senegal
100%
Serbia
100%
Seychelles
100%
Sierra Leone
100%
Slovakia
100%
Slovenia
100%
Solomon Islands
100%
South Africa
100%
South Korea
100%
Spain
100%
Sri Lanka
100%
St. Kitts & Nevis
100%
St. Lucia
100%
Suriname
100%
Switzerland
100%
Tanzania
100%
Togo
100%
Tonga
100%
Tunisia
100%
Turkey
100%
Turkmenistan
100%
Uganda
100%
Ukraine
100%
United Arab Emirates
100%
United States
100%
Uruguay
100%
Vatican City
100%
China
88%
Latvia
86%
St. Vincent and the Grenadines
86%
Barbados
83%
Chile
83%
Ethiopia
83%
Malawi
83%
Malaysia
83%
Poland
83%
Syria
83%
Trinidad & Tobago
83%
Angola
80%
Burkina Faso
80%
East Timor
80%
Kyrgyzstan
80%
Marshall Islands
80%
Mauritius
80%
Nauru
80%
Pakistan
80%
Palau
80%
Singapore
80%
United Kingdom
80%
Belgium
75%
Brunei
75%
Bulgaria
75%
Dominican Republic
75%
Eritrea
75%
F.S. of Micronesia
75%
Italy
75%
Jordan
75%
Libya
75%
Lithuania
75%
Malta
75%
Mexico
75%
Montenegro
75%
Panama
75%
Sudan
75%
Tajikistan
75%
Tuvalu
75%
Uzbekistan
75%
Vanuatu
75%
Zimbabwe
75%
Armenia
71%
Nicaragua
71%
Zambia
71%
Albania
67%
Austria
67%
Bolivia
67%
Costa Rica
67%
El Salvador
67%
Gambia
67%
Hungary
67%
Laos
67%
Mali
67%
New Zealand
67%
Philippines
67%
Portugal
67%
Rep. of the Congo
67%
South Sudan
67%
Venezuela
67%
Madagascar
60%
Peru
57%
Guinea
50%
Ivory Coast
50%
Kuwait
50%
Sao Tome & Principe
50%
Somalia
50%
Sweden
50%
Vietnam
50%
Netherlands
43%
Argentina
33%
Bahamas
33%
Chad
33%
Gabon
33%
Ghana
33%
Russia
33%
Yemen
33%
Taiwan
25%
Benin
0%
Cape Verde
0%
Cyprus
0%
Egypt
0%
Ireland
0%
Thailand
0%

Score Distribution

Percentile by Number Answered

Percent of People with Each Score

Your Score History

You have not taken this quiz